000
00241nam a2200097Ia 4500
001
640858
005
20250826153455.0
008
250824s9999 xx 000 0 und d
245
0
_a
MACERA ADASI
_c
AHMET YILMAZ BOYUNAĞA
260
_b
GENÇ TİMAŞ
999
_c
640858
_d
640858